Cálculo intuitivo. Primer libro.

Gespeichert in:
Bibliographische Detailangaben
1. Verfasser: Hernández, Julio S.
Format: Buch
Sprache:Spanisch
Erschienen: México. Librería de la Vda. de Ch. Bouret. 1910
Katalog:MANES:  Suchergebnis im Bibliothekskatalog
Schulbuchspezifische Eigenschaften:
Tags: Tag hinzufügen
Keine Tags, Fügen Sie den ersten Tag hinzu!
Hinzugefügt zu:03.12.2018
Geändert in:05.04.2022

MARC

LEADER 00000nam a2200000 4500
005 20220406014852.0
008 181204b xxu||||| |||| 00| 0 spa d
040 |a centro_manes  |c universidad_colima 
100 |9 22245  |a Hernández, Julio S. 
245 |a Cálculo intuitivo. Primer libro. 
260 |a México.  |b Librería de la Vda. de Ch. Bouret.  |c 1910 
300 |a 160 p.  |c 20 cm. 
500 |a Aparece: Francisco Ziga, "Bibliografía Pedagógica. Libros de texto para enseñanza primaria:1850-1970 V. Libros de Matemáticas" en Boletín del Instituto de Investigaciones Bibliográficas 1981-1982, Biblioteca Nacional, Hemeroteca Nacional, Universidad Nacional Autónoma de México, Nos. 18 - 19,p. 40.  |a obra escrita según la ley vigente.  |a ils.  |a (Programas Modernos de Educación Primaria.) 
690 0 |a MATE 
691 0 |a PRI 
942 |2 ddc  |c BK 
999 |c 53508  |d 53508 
999 |c manes:53508  |d 53508